Piłkarska kariera Kaki. - Statystyki

Ogólne statystyki
  • Ten quiz został rozwiązany 110 razy
  • Średni wynik to 4 z 6
Statystyki odpowiedzi
Lata Drużyna % Poprawnych
2009-2013 Real Madryt
97%
2003-2009 Milan
96%
2013-2014 Milan
96%
2014-2017 Orlando City
39%
2001-2003 Sao Paulo
33%
2014-2014 Sao Paulo
33%
Nie znaleziono quizów pasujących do podanych kryteriów
Rozkład punktacji
Procent ludzi z każdym wynikiem
Percentyl według liczby udzielonych odpowiedzi
Twoja historia wyników
Nie rozwiązałeś tego quizu